Dohoda o prísľube zamestnania

Prísľub zamestnania v kontexte predzmluvných vzťahov. Pojem prísľub zamestnania. Prísľub zamestnania - akceptačný list a jeho význam.

Gespeichert in:
Bibliographische Detailangaben
1. Verfasser: Mintál, Ján
Format: Buchkapitel
Sprache:Slowakisch
Schlagworte:
Tags: Tag hinzufügen
Keine Tags, Fügen Sie das erste Tag hinzu!

MARC

LEADER 00000naa a2200000 4500
001 0181565
005 20231120134236.4
041 0 |a slo 
044 |a SK 
245 1 0 |a Dohoda o prísľube zamestnania  |c Ján Mintál 
520 |a Prísľub zamestnania v kontexte predzmluvných vzťahov. Pojem prísľub zamestnania. Prísľub zamestnania - akceptačný list a jeho význam. 
610 2 0 |a pohovor 
610 2 0 |a právo pracovné 
100 1 |a Mintál, Ján